Score 0/20 Timer 04:00
2 Plays Today
% Correct
A chipskate!
89.7%
A couch potato!
89.2%
Starch Trek!
88.9%
Because the potatoes have eyes and the corn has ears!
88.6%
A rotate-o!
88.6%
Because it saw the salad dressing!
88.4%
Fry-day!
88%
An imi-tater!
88%
It was decap-potatoed!
87.1%
“No thanks”, they said, “we’re Walkers!”
86.3%
% Correct
Elevater-tater!
86.2%
They're yammy!
86.2%
Because they always keep their eyes peeled!
85.7%
Because he had a chip on his shoulder!
85.4%
'For goodness sake, put some clothes on!'
85.2%
Because my carbo-hide-rate was so good!
85%
She wanted to grow mashed potatoes!
84.9%
Spuddles!
83.9%
He was launching an a-PEEL!
83%
Stew!
78.1%
Remove Ads.
Support Sporcle.
Get the best of Sporcle when you Go Orange. This ad-free experience offers more features, more stats, and more fun while also helping to support Sporcle. Thank you for becoming a member.

You're not logged in!

Compare scores with friends on all Sporcle quizzes.
OR
Log In

Show Comments

Extras

Top Quizzes Today


Score Distribution

Your Account Isn't Verified!

In order to create a playlist on Sporcle, you need to verify the email address you used during registration. Go to your Sporcle Settings to finish the process.

Report this User

Report this user for behavior that violates our Community Guidelines.

Details: